Accident prevention : the use of hoses and hand-arms at marine terminal handling liquefied gas

Corporate Author: Society of International Gas Tanker and Terminal Operators
Published: London: SIGTTO, 1996.
Edition:2nd ed..
Subjects:
LEADER 00800cam a2200205 7i4500
001 0000033442
005 20040916090000.0
020 0 0 |a 1856091147  
090 0 0 |a VM 456   |b A171 1996 
245 0 0 |a Accident prevention :   |b the use of hoses and hand-arms at marine terminal handling liquefied gas   |c Society of International Gas Tanker and Terminal Operators. 
250 0 0 |a 2nd ed.. 
260 0 0 |a London:   |b SIGTTO,   |c 1996. 
300 |a 56 p.:   |b ill.;   |c 30 cm.. 
500 0 0 |a "Information paper no. 4" 
650 0 0 |a Liquefied gas carries --   |x Safety measures  
650 0 0 |a Accident --   |x Prevention  
650 0 0 |a Hose  
650 0 0 |a Liquefied gases --   |x Transportation --   |x Safety measures  
710 2 1 |a Society of International Gas Tanker and Terminal Operators  
999 |a 1100021809  |b Book  |c Rujukan  |e KOLEKSI RUJUKAN